000 01447nam0a22003251 4500
001 v19\rc\1634243
005 20250619052134.0
035 _a(NLR Aleph) 004838619
090 _a4797905
_c4797905
100 _a20061002e19001900|||y0rusy50 ca
101 0 _arus
102 _aRU
105 _ay z |||||
200 1 _aМеста и причины крушений германских судов дальнего плавания
_e[Изложение статьи]
210 _aСанкт-Петербург
_cтип. Акад. наук
_d1900
215 _a9 с.
_d26
300 _aВ конце текста: Э.М[айдель]
300 _aАвт. Герман указан в тексте
309 _aБез тит. л. и обл.
311 _aОтт. из журн. Записки по гидрографии. Вып. 21. Спб., 1900
488 0 _12001#$aЗаписки по гидрографии$v1900, вып. 21
_1210##$aСанкт-Петербург
_tЗаписки по гидрографии
517 0 _aПричины крушений германских судов дальнего плавания
700 1 _aГерман
_bИ.
702 1 _4570
_7ca
_8rus
_aМайдель
_bЭ. В.
_f1842-1918
_gЭдуард Владимирович
_9249364
_3RU\NLR\AUTH\770249420
801 0 _aRU
_bNLR
_gpsbo
801 1 _aRU
_bProSoft-M
_2rusmarc
852 _aNLR
_j18.180.5.405
942 _cBOOK
980 _aNB